Evaluación de pulpa para papel obtenida a partir de raquis de palma africana (Elaeis guineensis) por el método a la soda
Uloženo v:
| Hlavní autor: | |
|---|---|
| Další autoři: | |
| Médium: | Kniha |
| Vydáno: |
San José, Costa Rica
2010
|
| Témata: | |
| Tagy: |
Přidat tag
Žádné tagy, Buďte první, kdo vytvoří štítek k tomuto záznamu!
|
MARC
| LEADER | 00000nam a2200000Ia 4500 | ||
|---|---|---|---|
| 003 | 010218 | ||
| 005 | 20240410100827.0 | ||
| 008 | 140114s2010 cr a 000 ||s d | ||
| 040 | |c cru CEDI | ||
| 090 | |a TFG 6272 | ||
| 100 | |a Solano Hernández, Mariana, 1984- |9 2935 | ||
| 245 | |a Evaluación de pulpa para papel obtenida a partir de raquis de palma africana (Elaeis guineensis) por el método a la soda | ||
| 260 | |a San José, Costa Rica |c 2010 | ||
| 500 | |a Proyecto de graduación (licenciatura en ingeniería química)--Universidad de Costa Rica. Facultad de Ingeniería. Escuela de Ingeniería Química | ||
| 501 | |a Directora de Proyecto de Graduación: Ing. María Lorena Blanco Rojas, M.Sc. | ||
| 650 | |x PAPEL |x INDUSTRIA Y COMERCIO |x PULPA DE RAQUIS DE PALMA AFRICANA |x APLICACIONES INDUSTRIALES |x PRODUCCION |x ASPECTOS ECONOMICOS |9 2797 | ||
| 700 | |a Blanco Rojas, María Lorena, 1959 |d Directora del TFG |9 1538 | ||
| 942 | |c TFG |h TFG 6272 |i 010218 |6 TFG_6272_010218000000000 | ||
| 999 | |c 15932 |d 15932 | ||
